| 000 | 00656nam a2200205 i 4500 | ||
|---|---|---|---|
| 001 | 93244 | ||
| 003 | ES-MaACL | ||
| 007 | t| | ||
| 008 | 050408s1980 sp ||||1| spa d | ||
| 100 | 1 |
_aLondon, Jack, _d1876-1916 _973218 |
|
| 245 | 1 | 0 |
_aRelatos de los Mares del Sur / _cJack London (seud.); [traductor: Carmen Criado]. |
| 250 | _a[2ª ed.]. | ||
| 260 |
_aMadrid : _bAlianza, _c1980. |
||
| 300 |
_a167 p. ; _c18 cm. |
||
| 490 | 1 |
_aEl libro de bolsillo. Clásicos ; _v733 |
|
| 700 | 1 |
_aCriado, Carmen. _941592 |
|
| 830 | 0 | 3 |
_aEl libro de bolsillo. _pClásicos _v733 _9179723 |
| 852 |
_aES-MaACL _jL-7535 _bR.107517 |
||
| 999 |
_c93244 _d93244 |
||